[Event "Novokuznetsk op"]
[Site "Novokuznetsk"]
[Date "2013.08.14"]
[Round "4"]
[White "Derbin, Alexey"]
[Black "Kosheparova, Tatiana"]
[Result "1-0"]
[WhiteElo "1966"]
[BlackElo "1862"]
[PlyCount "143"]
[EventDate "2013.08.11"]
[EventType "swiss"]
[EventRounds "9"]
[EventCountry "RUS"]
[SourceTitle "CBM 156 Extra"]
[Source "ChessBase"]
[SourceDate "2013.10.22"]
[SourceVersion "1"]
[SourceVersionDate "2013.10.22"]
[SourceQuality "1"]

1. b4 e5 2. Bb2 Bxb4 3. Bxe5 Nf6 4. c4 0-0 5. Bc3 Be7 6. d4 d5 7. cxd5 Qxd5 8. Nd2 Nc6 9. Ngf3 Bf5 10. Nh4 Bb4 11. Bxb4 Nxb4 12. Nxf5 Qxf5 13. Rc1 Rfe8 14. e3 Ng4 15. Qf3 Qxf3 16. gxf3 Nf6 17. Rb1 Nfd5 18. Ne4 a5 19. Bc4 Nb6 20. Bb3 h6 21. Kd2 Na6 22. Rhg1 Kf8 23. Nc3 Rad8 24. Na4 Nd7 25. Bc4 Ne5 26. Bxa6 bxa6 27. Ke2 Nc6 28. Kf1 Rb8 29. Kg2 Rb5 30. Nc5 Nb8 31. a4 Rb4 32. Rxb4 axb4 33. a5 Nc6 34. Ra1 Ra8 35. f4 Ke8 36. Kf3 g6 37. Ke4 Ke7 38. Kd5 Nd8 39. Kc4 Kd6 40. e4 Nc6 41. d5 Nd8 42. Kxb4 c6 43. e5+ Ke7 44. Kc4 cxd5+ 45. Kxd5 Ne6 46. Nd3 Rd8+ 47. Ke4 f5+ 48. Ke3 Nd4 49. Rb1 Nb5 50. Nc5 Nc3 51. Rb7+ Ke8 52. Nxa6 Nd5+ 53. Kf3 Rc8 54. Rb8 Rxb8 55. Nxb8 Kd8 56. Na6 Kd7 57. Nc5+ Kc6 58. Ne6 Kb5 59. Nf8 Ne7 60. Ke3 Kxa5 61. Kd4 Kb6 62. e6 Kc6 63. Ke5 g5 64. fxg5 hxg5 65. Kf6 Kd6 66. Kxg5 Ke5 67. Ng6+ Nxg6 68. Kxg6 Kxe6 69. h4 f4 70. h5 Ke7 71. Kg7 f3 72. h6 1-0

[Event "Novokuznetsk-ch"]
[Site "Novokuznetsk"]
[Date "2012.12.09"]
[Round "7"]
[White "Nechaev, Evgeniy A"]
[Black "Derbin, Alexey"]
[Result "0-1"]
[WhiteElo "2070"]
[BlackElo "1948"]
[PlyCount "58"]
[EventDate "2012.11.18"]
[EventType "swiss"]
[EventRounds "9"]
[EventCountry "RUS"]
[SourceTitle "EXT 2014"]
[Source "ChessBase"]
[SourceDate "2013.11.20"]
[SourceVersion "1"]
[SourceVersionDate "2013.11.20"]
[SourceQuality "1"]

1. d4 d5 2. c4 e6 3. Nf3 c6 4. e3 Nf6 5. Bd3 dxc4 6. Bxc4 b5 7. Be2 Bb7 8. 0-0 a6 9. Nbd2 c5 10. dxc5 Bxc5 11. Nb3 Qxd1 12. Rxd1 Bb6 13. Bd2 0-0 14. Bb4 Rc8 15. Rac1 Nbd7 16. Na5 Be4 17. Nd4 Nd5 18. Be1 Rxc1 19. Rxc1 e5 20. Ndc6 Nxe3 21. Ne7+ Kf8 22. Nc8 Nxg2 23. Bb4+ Kg8 24. Nxb6 Nxb6 25. Nc6 Nf4 26. Bf1 f6 27. Ba5 Nc4 28. Bxc4+ bxc4 29. Rxc4 Nh3+ 0-1

[Event "Novokuznetsk-ch"]
[Site "Novokuznetsk"]
[Date "2012.12.08"]
[Round "6"]
[White "Derbin, Alexey"]
[Black "Guliashvili, Liana"]
[Result "1/2-1/2"]
[WhiteElo "1948"]
[BlackElo "2033"]
[PlyCount "53"]
[EventDate "2012.11.18"]
[EventType "swiss"]
[EventRounds "9"]
[EventCountry "RUS"]
[SourceTitle "EXT 2014"]
[Source "ChessBase"]
[SourceDate "2013.11.20"]
[SourceVersion "1"]
[SourceVersionDate "2013.11.20"]
[SourceQuality "1"]

1. b4 e6 2. Bb2 Nf6 3. a3 d5 4. e3 c5 5. bxc5 Bxc5 6. d4 Bd6 7. Nf3 Qb6 8. Qc1 Bd7 9. c4 dxc4 10. Bxc4 Nc6 11. Nbd2 Na5 12. Rb1 Rc8 13. Bc3 Qc7 14. Bxa5 Qxa5 15. Rxb7 Bxa3 16. Qc2 0-0 17. 0-0 Bc6 18. Rbb1 Bxf3 19. Nxf3 Qc7 20. Qa4 Qxc4 21. Qxa3 Ra8 22. Ne5 Qd5 23. Qa6 Rfd8 24. Rb7 Rd6 25. Qb5 Qxb5 26. Rxb5 Rb6 27. Ra5 1/2-1/2

[Event "Novokuznetsk-ch"]
[Site "Novokuznetsk"]
[Date "2012.11.25"]
[Round "3"]
[White "Lyashenko, Anna"]
[Black "Derbin, Alexey"]
[Result "0-1"]
[WhiteElo "2059"]
[BlackElo "1948"]
[PlyCount "110"]
[EventDate "2012.11.18"]
[EventType "swiss"]
[EventRounds "9"]
[EventCountry "RUS"]
[SourceTitle "EXT 2014"]
[Source "ChessBase"]
[SourceDate "2013.11.20"]
[SourceVersion "1"]
[SourceVersionDate "2013.11.20"]
[SourceQuality "1"]

1. e4 c5 2. Nf3 Nc6 3. d4 cxd4 4. Nxd4 Nf6 5. Nc3 e5 6. Nb3 Bb4 7. Bg5 h6 8. Bxf6 Bxc3+ 9. bxc3 Qxf6 10. Qd3 0-0 11. Rd1 Rd8 12. Qd6 Qh4 13. Bd3 Qe7 14. Be2 b6 15. 0-0 Bb7 16. Bb5 Rac8 17. Rfe1 Qxd6 18. Rxd6 Nb8 19. Re3 Kf8 20. Be2 Ke7 21. Rd1 Rc7 22. Nd2 Rdc8 23. Nb1 Rc5 24. g3 Ba6 25. Bxa6 Nxa6 26. Kf1 Rc4 27. Ke2 Nc5 28. f3 Na4 29. Rdd3 Nb2 30. Rd5 R8c5 31. Rxc5 Rxc5 32. f4 Ra5 33. a3 Nc4 34. Rf3 Rb5 35. Rf1 exf4 36. gxf4 Rh5 37. Rf2 Rh3 38. e5 Re3+ 39. Kd1 Rh3 40. Ke2 Ne3 41. Rf3 Nd5 42. c4 Rxh2+ 43. Kd3 Rh3 44. Ke4 Rxf3 45. Kxf3 Nc7 46. Nc3 f5 47. exf6+ Kxf6 48. Kg4 Ke6 49. Ne2 d5 50. Nd4+ Kf6 51. cxd5 Nxd5 52. Kf3 g5 53. fxg5+ hxg5 54. c4 Nc3 55. Nc6 Nb1 0-1